| 000 | 00562nam a2200169Ia 4500 | ||
|---|---|---|---|
| 003 | LK-CoDNM | ||
| 008 | 010623t1992 xxu||||| |||| 00| 1 sin d | ||
| 040 |
_aLK-CoDNM _dLK-CoDNM _eLK-CoDNM |
||
| 041 | _asin | ||
| 080 | _a(x)903 MED | ||
| 100 | _aMedhananda himi,Ellawala | ||
| 245 | _aතලකර පවරත මහ විහර හෙවත් නිමලව තපොවනය | ||
| 246 | _aThalakara Pawaratha Maha Vihara Hewath Nimalawa Thapowanaya | ||
| 260 |
_bNimalawa Aranya Senasanaraksha _aNimalawa _c1992 |
||
| 300 | _b58p, 18 cm | ||
| 942 | _cBK | ||
| 999 |
_c115620 _d115620 |
||